[Event "Niedersachsen-ch U18 Girls"]
[Site "Rotenburg"]
[Date "2012.04.04"]
[Round "8"]
[White "Schlichter, Lisa"]
[Black "Emmrich, Tabea"]
[Result "1/2-1/2"]
[WhiteElo "1365"]
[BlackElo "1316"]
[PlyCount "62"]
[EventDate "2012.03.31"]
[EventType "swiss"]
[EventRounds "9"]
[EventCountry "GER"]
[SourceTitle "EXT 2015"]
[Source "ChessBase"]
[SourceDate "2014.11.20"]
[SourceVersion "1"]
[SourceVersionDate "2014.11.20"]
[SourceQuality "1"]

1. e4 e6 2. d4 d5 3. exd5 exd5 4. Nc3 Nf6 5. Bd3 Bd6 6. Nf3 0-0 7. 0-0 Nc6 8. h3 h6 9. Re1 Re8 10. Ne2 Ne7 11. Ng3 c6 12. Ne5 Qc7 13. c3 Nd7 14. f4 c5 15. Ne2 Nc6 16. Bd2 Nf6 17. Rf1 cxd4 18. cxd4 Qb6 19. Bc3 Bb4 20. Qc2 Bd6 21. a3 Nxe5 22. fxe5 Bxe5 23. Kh1 Bc7 24. Nf4 Bxf4 25. Rxf4 Qc7 26. Raf1 Be6 27. Qd1 Rac8 28. Qf3 Qe7 29. Bf5 Bxf5 30. Rxf5 Qe3 31. Qxe3 Rxe3 1/2-1/2

[Event "Enschede op-C U14"]
[Site "Enschede"]
[Date "2009.08.04"]
[Round "2"]
[White "Emmrich, Tabea"]
[Black "Hillenkamp, Melchior"]
[Result "0-1"]
[WhiteElo "800"]
[BlackElo "1253"]
[PlyCount "26"]
[EventDate "2009.08.03"]
[EventType "swiss"]
[EventRounds "7"]
[EventCountry "NED"]
[SourceTitle "CBM 132 Extra"]
[Source "ChessBase"]
[SourceDate "2009.11.03"]
[SourceVersion "1"]
[SourceVersionDate "2009.11.03"]
[SourceQuality "1"]

1. e4 e5 2. Nf3 Nc6 3. d4 exd4 4. Nxd4 Nf6 5. Nc3 Bb4 6. Bf4 0-0 7. Qd3 Qe7 8. 0-0-0 Bxc3 9. Qxc3 Qxe4 10. Bxc7 Nd5 11. Qc5 Nxc7 12. Bd3 Qxd4 13. Rhe1 Qxc5 0-1

[Event "Niedersachsen-ch Girls"]
[Site "Rotenburg"]
[Date "2009.04.05"]
[Round "3"]
[White "Juerke, Lea Marie"]
[Black "Emmrich, Tabea"]
[Result "1-0"]
[WhiteElo "811"]
[BlackElo "737"]
[PlyCount "57"]
[EventDate "2009.04.04"]
[EventType "swiss"]
[EventRounds "9"]
[EventCountry "GER"]
[SourceTitle "EXT 2010"]
[Source "ChessBase"]
[SourceDate "2010.11.25"]
[SourceVersion "1"]
[SourceVersionDate "2010.11.25"]
[SourceQuality "1"]

1. e4 e5 2. Nf3 Nc6 3. Bc4 Nf6 4. Nc3 Bc5 5. h3 b6 6. d3 Bb7 7. Bd2 Na5 8. Bb3 0-0 9. Nxe5 Nxb3 10. axb3 Qe7 11. Nf3 d5 12. 0-0 dxe4 13. dxe4 Nxe4 14. Nxe4 Rad8 15. Nxc5 Qxc5 16. c3 Rfe8 17. Nd4 Qd5 18. f3 c5 19. Bc1 cxd4 20. cxd4 Qd6 21. Rxa7 Bd5 22. Qd3 Qg3 23. Qc2 Re6 24. Kh1 Rde8 25. Qd3 Rg6 26. Rg1 Be6 27. Qf1 Rc8 28. Re7 Rxc1 29. Re8# 1-0